| 000 | 00739nam a22002417a 4500 | ||
|---|---|---|---|
| 005 | 20170124110008.0 | ||
| 010 | _a962742 | ||
| 020 | _c15.00 | ||
| 035 | _a962742 | ||
| 037 | _bCen Lib/Ret | ||
| 040 |
_aDPL _bEN |
||
| 082 |
_a351.5 _bGHO |
||
| 100 |
_aGhosh _917287 |
||
| 245 |
_aCentral civil services pension rules 1972 : _cby .Ghosh [and] Uppal _bcorrected upto july 1979 / |
||
| 250 | _a2nd ed | ||
| 260 |
_aNew Delhi _bM/s. Kanchan publications _c1979 |
||
| 270 |
_aiv-D/50, Old Double story Lajpat Nagar _bNew Delhi _e110024 |
||
| 300 |
_avii,331p. _c20cm(Hb) |
||
| 650 |
_aPensions--India _974209 |
||
| 650 |
_aLabor laws and legislation _98613 |
||
| 700 |
_aUppal _974210 |
||
| 942 |
_2ddc _cEN _h351.5 _mGHO |
||
| 999 |
_c126346 _d126346 |
||